|
|
|
|
| LEADER |
00000nam0a2200000 4500 |
| 001 |
245746 |
| 005 |
20231101232142.0 |
| 010 |
|
|
|a 9785160060095
|
| 010 |
|
|
|a 978-5-16-100048-9
|
| 035 |
|
|
|a (RuTPU)RU\TPU\book\267171
|
| 090 |
|
|
|a 245746
|
| 100 |
|
|
|a 20131115d2014 m y0rusy50 ca
|
| 101 |
0 |
|
|a rus
|
| 102 |
|
|
|a RU
|
| 105 |
|
|
|a a j 001zy
|
| 200 |
1 |
|
|a Теория менеджмента
|e учебник для вузов
|f В. А. Баринов
|
| 210 |
|
|
|a Москва
|c Инфра-М
|d 2014
|
| 215 |
|
|
|a 206 с.
|c ил.
|
| 225 |
1 |
|
|a Высшее образование. Бакалавриат
|
| 320 |
|
|
|a Библиография в конце глав.
|
| 330 |
|
|
|a Учебник содержит основные положения теории управления, обобщение практики менеджмента организации в конкурентных условиях рыночной экономики, а также изложение инструментов управления деловой организацией как субъектом рынка. Для студентов направления 080200 «Менеджмент» (квалификация (степень) «бакалавр»), уровень «бакалавр» всех профилей. Может быть использован студентами инженерных специальностей при изучении соответствующих курсов конкретной экономики и организации производства, а также в системе переподготовки кадров.
|
| 606 |
1 |
|
|a Менеджмент
|2 stltpush
|3 (RuTPU)RU\TPU\subj\42098
|9 61850
|
| 610 |
1 |
|
|a управление
|
| 610 |
1 |
|
|a теория
|
| 610 |
1 |
|
|a организации
|
| 610 |
1 |
|
|a структура
|
| 610 |
1 |
|
|a менеджеры
|
| 610 |
1 |
|
|a планирование
|
| 610 |
1 |
|
|a внутриорганизационный контроль
|
| 610 |
1 |
|
|a управленческие решения
|
| 610 |
1 |
|
|a организационная культура
|
| 610 |
1 |
|
|a организационные изменения
|
| 610 |
1 |
|
|a учебники
|
| 686 |
|
|
|a У9(2)212я73
|v LBC/SL-A
|2 rubbk
|
| 700 |
|
1 |
|a Баринов
|b В. А.
|g Владимир Александрович
|
| 801 |
|
1 |
|a RU
|b 63413507
|c 20131115
|
| 801 |
|
2 |
|a RU
|b 63413507
|c 20150624
|g RCR
|
| 900 |
|
|
|a Теория менеджмента
|
| 942 |
|
|
|c BK
|
| 951 |
|
|
|b 080200
|l 8.1
|
| 959 |
|
|
|a 147/20131114
|d 2
|e 349,90
|f ЧЗГЛ:1
|f АНЛ:1
|